1240 1418 1946 1439 1682 1523 1855 1210 1273 1168 1602 1624 1637 1869 1387 1617 1741 1168 1330 1037 1611 1470 1173 1753 1391 1775 1611 1483 1318 1060 1079 1332 1712 1506 1108 1054 1104 1185 1205 1724 1858 1588 1897 1717 1424 1920 1455 1323 1754 1209 1373 1581 1788 1756 1703 1588 1979 1029 1248 1089 1524 1176 1262 1145 1329 1878 1618 1180 1224 1398 1416 1488 1163 1270 1264 1084 1369 1766 1760 1648 1266 1791 1984 1289 1908 1135 1674 1719 1141 1249 1348 1194 1593 1350 1872 1441 1523 1021 1203 BCNSPRNW ULIB Ver.6.0+V

เปลี่ยนเป็นภาษาไทย

Change to English
 แสดงรายละเอียดบรรณานุกรม
  กลับหน้าหลัก

Brief Record : Get Marc (ISO 2709) : E-mail record : QR code < ปิดหน้าต่าง
LEADER : 00000nam 2200000uu 4500
001    13399114475
003     ULIB
008    120404s2552||||th 000 0 tha d
020    ^a9786119002852
090    ^aนว.^bส655H 2552
100 0  ^aสายลมหนาว
245 00 ^aHelp me My Heart สะกิดรักสลับหัวใจ 2/^cสายลมหนาว
250    ^aพิมพ์ครั้งที่ 1
260    ^aกรุงเทพฯ :^bCHEEZE,^c2552
300    ^a171 หน้า
710 1  ^aCHEEZE
945    ^p148^l0^i15937
995    ^aกัณชพร
999    ^aใช้งานได้ทุกระบบ
รายการนี้ยังไม่มีแท็ก
คุณยังไม่ได้ล็อกอิน คุณสามารถมีกิจกรรมร่วมกับเว็บไซต์ได้ แต่ต้องล็อกอินก่อน ::
  ล็อกอิน

รายการสื่อสารสนเทศ

ลำดับที่ ประเภท เลขเรียก/บาร์โค้ด สถานที่ สถานะ
1. นวนิยาย
นวนิยาย
นว. ส655H 2552  
  Barcode: 15937
ห้องสมุดวิทยาเขตสวรรค์ประชารักษ์
►นวนิยาย
บนชั้น
  ขอยืม

รายการใกล้เคียง
    ผู้แต่ง [สายลมหนาว]

BibComment


ยังไม่เคยถูกคอมเมนท์

คอมเมนท์ทรัพยากรรายการนี้
  คอมเมนท์: Help me My Heart..


 Copyright 2026. Bcnsprnw @Library